00603nam a2200157 a 450000100100000000500170001000800410002704000250006808200160009310000460010924500760015526000470023130000350027895201150031399900170042800003372220200930070453.0110907s1892 xxuc 000 0 eng d aDO-SdBNPbspacBNPHU axxxxbA211c1 aAdams, Charles Kendall,d1835-190295916610aChristopher Columbus :bhis life and his work /cCharles Kendall Adams. aNew York :bDodd, Mead and Company,c1892. axv., 261 p. :bretr. ;c19 cm. 0010507-18MOaPDbPDcOId2011-09-07iLF1l0oxxxx A211cp33722-10r2020-06-25w2020-06-25y1ZNo se presta c33213d33213